Los secretos del mar / (Registro nro. 13112)
[ vista simple ]
| 000 -LEADER | |
|---|---|
| fixed length control field | 00849nam a22002417a 4500 |
| 003 - CONTROL NUMBER IDENTIFIER | |
| control field | DO-SdBNP |
| 005 - DATE AND TIME OF LATEST TRANSACTION | |
| control field | 20171127113447.0 |
| 008 - FIXED-LENGTH DATA ELEMENTS--GENERAL INFORMATION | |
| fixed length control field | 161031b 1985 sp ac 00| 0 spa d |
| 020 ## - INTERNATIONAL STANDARD BOOK NUMBER | |
| International Standard Book Number | 8475232140 (o.c.) |
| 020 ## - INTERNATIONAL STANDARD BOOK NUMBER | |
| International Standard Book Number | 8475232159 (t. 1) |
| 040 ## - CATALOGING SOURCE | |
| Original cataloging agency | BPMSU |
| Language of cataloging | spa |
| Transcribing agency | BPMSU |
| 082 ## - DEWEY DECIMAL CLASSIFICATION NUMBER | |
| Classification number | xxxx |
| Item number | xxxx |
| 100 ## - MAIN ENTRY--PERSONAL NAME | |
| Personal name | Cousteau, Jacques Yves |
| Dates associated with a name | 1910-1997 |
| 245 14 - TITLE STATEMENT | |
| Title | Los secretos del mar / |
| Statement of responsibility, etc. | Jacques Yves Cousteau |
| 260 ## - PUBLICATION, DISTRIBUTION, ETC. (IMPRINT) | |
| Place of publication, distribution, etc. | Madrid : |
| Name of publisher, distributor, etc. | Urbion, |
| Date of publication, distribution, etc. | 1985. |
| 300 ## - PHYSICAL DESCRIPTION | |
| Extent | v. : |
| Other physical details | il., retr. |
| Dimensions | 30 cm. |
| 500 ## - GENERAL NOTE | |
| General note | La biblioteca posee el volumen 1. |
| 505 2# - FORMATTED CONTENTS NOTE | |
| Title | Una vida para el mar -- |
| -- | El Calypso -- |
| -- | Los largometrajes -- |
| -- | Las escafandras autónomas -- |
| -- | Objetivo 350 -- |
| -- | Las ´´Pulgas´´ -- |
| -- | El mar en imágenes -- |
| 910 ## - USER-OPTION DATA (OCLC) | |
| User-option data | 000144 |
| 942 ## - ADDED ENTRY ELEMENTS (KOHA) | |
| Source of classification or shelving scheme | Dewey Decimal Classification |
| Koha item type | Libros |
| 945 ## - LOCAL PROCESSING INFORMATION (OCLC) | |
| a | Inventariado extranjero / 2017 YL |
| 956 ## - LOCAL ELECTRONIC LOCATION AND ACCESS (OCLC) | |
| Host name | YLOCKWARD |
| Access number | 10 |
| Compression information | 20171127 |
| Path | 144 |
| Withdrawn status | Lost status | Source of classification or shelving scheme | Damaged status | Not for loan | Collection code | Home library | Current library | Date acquired | Source of acquisition | Total Checkouts | Full call number | Barcode | Date last seen | Price effective from | Koha item type |
|---|---|---|---|---|---|---|---|---|---|---|---|---|---|---|---|
| Dewey Decimal Classification | Colección General | Biblioteca Pública Metropolitana Salomé Ureña | Biblioteca Pública Metropolitana Salomé Ureña | 11/27/2017 | Donado por Fundi | xxxx xxxx | BPMSU17110442 | 11/27/2017 | 11/27/2017 | Libros |